Statistics for USL League One (2022-23)

Click here to take the quiz!

General Stats

  • This quiz has been taken 36 times
  • The average score is 9 of 12

Answer Stats

HintAnswer% Correct
WisconsinForward Madison FC
87%
KentuckyLexington SC
83%
TennesseeChattanooga Red Wolves SC
78%
North CarolinaNorth Carolina FC
78%
NebraskaUnion Omaha
78%
South CarolinaGreenville Triumph SC
74%
VirginiaRichmond Kickers
74%
ColoradoNorthern Colorado Hailstorm FC
70%
TennesseeOne Knoxville SC
70%
CaliforniaCentral Valley Fuego FC
61%
GeorgiaSouth Georgia Tormenta FC
61%
North CarolinaCharlotte Independence
48%

Score Distribution

Percentile by Number Answered

Percent of People with Each Score

Your Score History

You have not taken this quiz